[Event "CZE-chT2A 1920"]
[Site "Czech Republic"]
[Date "2019.10.13"]
[Round "1.6"]
[White "Havlik, Jindrich"]
[Black "Kaderavek, Jan"]
[Result "1/2-1/2"]
[WhiteElo "2090"]
[BlackElo "2147"]
[PlyCount "109"]
[EventDate "2019.10.13"]
[EventType "team-tourn"]
[EventRounds "11"]
[EventCountry "CZE"]
[SourceTitle "EXT 2024"]
[Source "ChessBase"]
[SourceDate "2023.10.10"]
[SourceVersion "1"]
[SourceVersionDate "2023.10.10"]
[SourceQuality "1"]
[WhiteTeam "Klatovy"]
[BlackTeam "Domazlice"]
[WhiteTeamCountry "CZE"]
[BlackTeamCountry "CZE"]

1. e4 e6 2. d4 d5 3. e5 f5 4. Nf3 c5 5. c3 Nc6 6. a3 Qb6 7. b4 c4 8. a4 a5 9. b5 Nd8 10. g4 Ne7 11. Rg1 Nf7 12. h4 Bd7 13. Ba3 g6 14. Nbd2 fxg4 15. Rxg4 Nf5 16. Bxf8 Rxf8 17. Ng5 h5 18. Rf4 Nxg5 19. hxg5 Qd8 20. Nf3 Qe7 21. Bh3 0-0-0 22. Bxf5 Rxf5 23. Rxf5 exf5 24. Qc1 b6 25. Nh4 Rg8 26. Qf4 Be6 27. Kd2 Kd7 28. Kc2 Qf7 29. Re1 Qe7 30. Kb2 Ke8 31. Ng2 Qf7 32. Re2 Kf8 33. Ne3 Qd7 34. Qf3 Qd8 35. Qg2 Qd7 36. Rd2 Rg7 37. Kc2 Qd8 38. Qf3 Rd7 39. Qg3 Kg7 40. Ng2 Qe7 41. Nf4 Rd8 42. Rd1 Kf7 43. Kb2 Kg7 44. Qf3 Qf7 45. Rh1 Rh8 46. Rh2 Rh7 47. Qh1 Rh8 48. Rh3 Qg8 49. Qh2 Qf7 50. Ka2 Qe8 51. Re3 Qd7 52. Rh3 Qf7 53. Qh1 Qg8 54. Kb2 Qf7 55. Ka2 1/2-1/2

[Event "CZE-chT2A 1617"]
[Site "Czech Republic"]
[Date "2017.03.19"]
[Round "10.3"]
[White "Lorenc, Tomas"]
[Black "Kaderavek, Jan"]
[Result "1-0"]
[WhiteElo "2219"]
[BlackElo "2149"]
[PlyCount "71"]
[EventDate "2016.10.09"]
[EventType "team-tourn"]
[EventRounds "11"]
[EventCountry "CZE"]
[SourceTitle "EXT 2022"]
[Source "ChessBase"]
[SourceDate "2021.10.06"]
[SourceVersion "1"]
[SourceVersionDate "2021.10.06"]
[SourceQuality "1"]
[WhiteTeam "Karlovy Vary Tietz"]
[BlackTeam "Plzen Kosutka"]
[WhiteTeamCountry "CZE"]
[BlackTeamCountry "CZE"]

1. c4 e5 2. g3 c5 3. Bg2 Nc6 4. Nc3 Nf6 5. Nf3 d6 6. 0-0 Be7 7. d3 0-0 8. a3 Rb8 9. Rb1 b6 10. b4 Bb7 11. Nd5 Nd4 12. Nxe7+ Qxe7 13. e4 Nd7 14. Nxd4 cxd4 15. f4 f5 16. fxe5 fxe4 17. exd6 Qxd6 18. Bf4 Ne5 19. Qh5 Rfe8 20. c5 Qg6 21. Qxg6 hxg6 22. dxe4 Rbc8 23. Rfd1 Rcd8 24. Bg5 Rd7 25. Rbc1 b5 26. Bf4 Nc4 27. a4 a6 28. axb5 axb5 29. Bf1 Ba6 30. c6 Rde7 31. Rxd4 Rxe4 32. Rxe4 Rxe4 33. Ra1 Bc8 34. Ra8 Re8 35. Bh3 Bd7 36. Rxe8+ 1-0

[Event "CZE-chT2A 1617"]
[Site "Czech Republic"]
[Date "2017.02.12"]
[Round "8.4"]
[White "Kaderavek, Jan"]
[Black "Bicek, Richard"]
[Result "1-0"]
[WhiteElo "2149"]
[BlackElo "2088"]
[PlyCount "47"]
[EventDate "2016.10.09"]
[EventType "team-tourn"]
[EventRounds "11"]
[EventCountry "CZE"]
[SourceTitle "EXT 2022"]
[Source "ChessBase"]
[SourceDate "2021.10.06"]
[SourceVersion "1"]
[SourceVersionDate "2021.10.06"]
[SourceQuality "1"]
[WhiteTeam "Plzen Kosutka"]
[BlackTeam "Karlovy Vary Tietz II"]
[WhiteTeamCountry "CZE"]
[BlackTeamCountry "CZE"]

1. d4 d5 2. f4 Nf6 3. Nf3 Bf5 4. e3 e6 5. c4 Nbd7 6. Nc3 c6 7. Be2 Bd6 8. 0-0 h6 9. Bd2 Ne4 10. Be1 Ndf6 11. Ne5 Nxc3 12. bxc3 Qc7 13. cxd5 exd5 14. c4 dxc4 15. Bxc4 0-0 16. Bh4 Nd5 17. Qf3 Nb6 18. Bb3 Be6 19. Qg3 Bxe5 20. fxe5 Bxb3 21. Bf6 g6 22. Qh4 Kh7 23. Rf4 Rh8 24. Qxh6+ 1-0

[Event "CZE-chT2A 1516"]
[Site "Czech Republic"]
[Date "2016.03.13"]
[Round "9.3"]
[White "Hollan, Martin"]
[Black "Kaderavek, Jan"]
[Result "1-0"]
[WhiteElo "2218"]
[BlackElo "2132"]
[PlyCount "107"]
[EventDate "2015.10.18"]
[EventType "team-tourn"]
[EventRounds "11"]
[EventCountry "CZE"]
[SourceTitle "EXT 2022"]
[Source "ChessBase"]
[SourceDate "2021.10.06"]
[SourceVersion "1"]
[SourceVersionDate "2021.10.06"]
[SourceQuality "1"]
[WhiteTeam "Praha Oaza"]
[BlackTeam "Plzen Kosutka"]
[WhiteTeamCountry "CZE"]
[BlackTeamCountry "CZE"]

1. d4 d5 2. c4 e6 3. Nc3 f5 4. Nf3 Nf6 5. cxd5 exd5 6. Bf4 c6 7. e3 Bd6 8. Bd3 0-0 9. Bxd6 Qxd6 10. Ne5 Ne4 11. f3 Nxc3 12. bxc3 Nd7 13. f4 Nxe5 14. fxe5 Qh6 15. Qf3 Be6 16. g3 b6 17. h4 Rac8 18. Qf4 Qh5 19. Kd2 c5 20. a4 Qf7 21. Rhb1 Qc7 22. Ba6 Rb8 23. Bd3 Rbc8 24. a5 Rb8 25. axb6 axb6 26. Ra2 c4 27. Bc2 b5 28. Rab2 Bd7 29. e6 Qxf4 30. exf4 Bxe6 31. Rxb5 Rxb5 32. Rxb5 Kf7 33. Ra5 Rb8 34. Ra7+ Kf6 35. Kc1 h6 36. Ba4 Rb6 37. Kc2 Bf7 38. Bd7 Bh5 39. Rc7 Bf3 40. Rc6+ Rxc6 41. Bxc6 g5 42. Kb2 gxf4 43. gxf4 Ke6 44. Ka3 Bh5 45. Kb4 Kd6 46. Kb5 Bf7 47. Kb6 Be6 48. Ba4 Bc8 49. Bb5 Be6 50. Kb7 Bf7 51. Kc8 Bh5 52. Kd8 Bf7 53. Bd7 Bg6 54. Bc8 1-0

[Event "CZE-chT2A 1415"]
[Site "Czech Republic"]
[Date "2015.02.22"]
[Round "8.3"]
[White "Simunek, Ales"]
[Black "Kaderavek, Jan"]
[Result "1-0"]
[WhiteElo "2184"]
[BlackElo "2106"]
[PlyCount "109"]
[EventDate "2014.11.02"]
[EventType "team-tourn"]
[EventRounds "11"]
[EventCountry "CZE"]
[SourceTitle "EXT 2022"]
[Source "ChessBase"]
[SourceDate "2021.10.06"]
[SourceVersion "1"]
[SourceVersionDate "2021.10.06"]
[SourceQuality "1"]
[WhiteTeam "Line"]
[BlackTeam "Tachov"]
[WhiteTeamCountry "CZE"]
[BlackTeamCountry "CZE"]

1. e4 e6 2. d4 d5 3. Nc3 f5 4. exf5 exf5 5. Qe2+ Be7 6. Bg5 Nc6 7. 0-0-0 Kf7 8. Bxe7 Ngxe7 9. Qh5+ g6 10. Qf3 a6 11. h4 Qd6 12. Nh3 h6 13. Nf4 Rd8 14. g3 Na7 15. Qe3 c6 16. Re1 Ng8 17. Nd3 Bd7 18. Na4 Re8 19. Ne5+ Kg7 20. Nc5 Bc8 21. Bh3 Qf6 22. Qd2 Nb5 23. c3 Nd6 24. f3 Ne7 25. Ncd3 b6 26. Re2 Ra7 27. Rhe1 Rf8 28. Nf4 Kh7 29. Qd3 Rg8 30. b3 Nf7 31. Kb2 Nxe5 32. Rxe5 Kg7 33. Qe3 Kf7 34. Ne6 Rh8 35. Bf1 Ke8 36. c4 Kf7 37. c5 b5 38. Bd3 Ke8 39. Nf4 Kf7 40. Rxe7+ Rxe7 41. Qxe7+ Qxe7 42. Rxe7+ Kxe7 43. Nxg6+ Kf6 44. Nxh8 Kg7 45. Kc3 a5 46. b4 a4 47. a3 Kxh8 48. Kd2 f4 49. gxf4 Kg7 50. h5 Kf6 51. Bg6 Bd7 52. Ke3 Ke6 53. f5+ Ke7 54. f6+ Kxf6 55. Kf4 1-0

[Event "CZE-chT2A 1415"]
[Site "Czech Republic"]
[Date "2015.01.25"]
[Round "6.3"]
[White "Falout, Lubos"]
[Black "Kaderavek, Jan"]
[Result "1/2-1/2"]
[WhiteElo "2131"]
[BlackElo "2106"]
[PlyCount "72"]
[EventDate "2014.11.02"]
[EventType "team-tourn"]
[EventRounds "11"]
[EventCountry "CZE"]
[SourceTitle "EXT 2022"]
[Source "ChessBase"]
[SourceDate "2021.10.06"]
[SourceVersion "1"]
[SourceVersionDate "2021.10.06"]
[SourceQuality "1"]
[WhiteTeam "Plzen Letna"]
[BlackTeam "Tachov"]
[WhiteTeamCountry "CZE"]
[BlackTeamCountry "CZE"]

1. e4 e6 2. d4 d5 3. Nc3 f5 4. exd5 exd5 5. Nf3 Nf6 6. Bg5 Be7 7. Bxf6 Bxf6 8. Qe2+ Kf7 9. 0-0-0 Re8 10. Ne5+ Kg8 11. f4 c6 12. h3 Bxe5 13. fxe5 Be6 14. Kb1 Qg5 15. Rd3 Nd7 16. Qf2 a6 17. Rg3 Qe7 18. Bd3 Rf8 19. Ne2 c5 20. c3 b5 21. Rf1 Rf7 22. Nf4 Raf8 23. Qe2 c4 24. Bc2 a5 25. Qh5 b4 26. cxb4 axb4 27. Rg6 b3 28. Rxe6 bxc2+ 29. Kxc2 Qb4 30. Nxd5 Qa4+ 31. Kb1 c3 32. Rd6 Qb5 33. Rf2 Qd3+ 34. Rc2 Qf1+ 35. Rc1 Qd3+ 36. Rc2 Qf1+ 1/2-1/2